000 01004nab a2200217 i 4500
001 768714001
003 CO-MdFUSB
005 20240529155935.0
008 240529t1972 ag ||||| |||| 00| 0 spa d
040 _bspa
_cCO-MdFUSB
_dCO-MdFUSB
041 _aspa
100 _aRunia, Klaas,
_eautor
245 1 _aBonhoeffer :
_buna conducta política
_c/ Klaas Runia
520 _aNingún teólogo después de la Segunda Guerra Mundial ha cautivado la atención del público tanto como Dietrich Bonhoeffer. Jóvenes y viejos, estudiantes y trabajadores muestran un profundo interés en Bonhoeffer y sus ideas teológicas. Este artículo de esta dedicado a este teológo.
650 7 _aBiografía
_9409
650 7 _aTeólogos
_9233
650 0 _aSectas cristianas
_91147
773 0 _069974
_982716
_dBuenos Aires
_oR2608
_tCerteza
_w(CO-MdFUSB)768714001
_gNúmero 48, (octubre - diciembre, 1972) páginas: 236 - 237
_qpágina: 236
942 _cANA
945 _aCatherine Arias Álvarez - Practicante SENA
999 _c69979
_d69979